|
|
|
|
| LEADER |
01323nam a2200241 4500 |
| 001 |
10111839 |
| 003 |
GR-PaULI |
| 005 |
20240709123130.0 |
| 008 |
140217s1978 gr gre |
| 952 |
|
|
|0 0
|1 0
|2 ddc
|4 0
|6 480_000000000000000_ΜΑΡ
|7 0
|9 243988
|a LISP
|b LISP
|c BSC
|d 2020-09-30
|i 13650
|l 0
|o 480 ΜΑΡ
|p 025000276147
|r 2020-09-30 00:00:00
|t 1
|v 2020.00
|w 2020-09-30
|y BK15
|
| 999 |
|
|
|c 147226
|d 147226
|
| 040 |
|
|
|a GR-PaULI
|e AACR2
|c GR-PaULI
|b gre
|
| 082 |
0 |
4 |
|a 480
|2 23
|
| 100 |
1 |
|
|a Μαρκιανός, Σοφοκλής,
|d 1933-1994
|e συγγραφέας.
|9 183383
|
| 245 |
1 |
0 |
|a Ερμηνευτική και μεθοδολογική προσέγγιση των κειμένων της αρχαίας ελληνικής γραμματείας :
|b (με παραδείγματα από τον Ηρόδοτο) /
|c Μαρκιανού Στ. Σοφοκλή.
|
| 260 |
|
|
|a Αθήνα :
|b Γρηγόρης,
|c 1978.
|
| 300 |
|
|
|a 124 σ.
|c 22 εκ.
|
| 500 |
|
|
|a Περιλαμβάνει ευρτήριο.
|
| 600 |
0 |
0 |
|a Ηρόδοτος,
|d 484-410,
|x Ερμηνεία και κριτική
|9 77517
|
| 650 |
|
4 |
|9 41602
|a Ελληνική φιλολογία
|x Μελέτη και διδασκαλία.
|
| 650 |
|
4 |
|9 1684
|a Ελληνική λογοτεχνία, Αρχαία
|
| 942 |
|
|
|2 ddc
|c BK15
|
| 998 |
|
|
|c ΜΠΟΥΡΑΣ
|d 2020-09
|